The anatomy of mathematics /

Guardado en:
Autor Principal: Kershner, R. B. 1913-
Otros Autores: Wilcox, L. R. 1912-
Formato: Libro
Idioma:English
Publicado: New York : The Ronald Press, c1950.
Etiquetas: Agregar Etiqueta
Sin Etiquetas, Sea el primero en etiquetar este registro!
LEADER 01312nam a22001935a 4500
001 MAT.inmabb006227
008 720426s1950####nyu######b####001#0#eng#d
005 20170221183725.0
245 1 4 |a The anatomy of mathematics /  |c by R. B. Kershner, L. R. Wilcox. 
260 |a New York :  |b The Ronald Press,  |c c1950. 
300 |a xi, 416 p. ;  |c 24 cm. 
504 |a Incluye referencias bibliográficas (p. 364) e índice. 
505 0 |a 1. Introduction -- 2. Language -- 3. The development of mathematics -- 4. The primitive materials of mathematics -- 5. Further materials of mathematics -- 6. The postulational method -- 7. Groups -- 8. The positive integers -- 9. Fundamental relations on the positive integers -- 10. Finite sets -- 11. Inductive definition and the principle of choice -- 12. Extended operations and applications -- 13. Inifinite sets -- 14. Isomorphism and categorical systems of axioms -- 15. Equivalence and order relations -- 16. The positive rational numbers -- 17. One-dimensional continua -- 18. The positive real numbers -- 19. The real numbers -- 20. Fields -- 21. Conclusion 
510 4 |a MR,  |c 11,709b 
100 1 |a Kershner, R. B.  |q (Richard Brandon),  |d 1913- 
700 1 |a Wilcox, L. R.  |q (Lee Roy),  |d 1912- 
084 |a 03-01  |2 msc2000 
010 |a  50007926  
859 |h 03  |i K41  |p DUP-A-531  |b BIB. MATEMATICA